| 000 | 00488nam a22001817a 4500 | ||
|---|---|---|---|
| 003 | NUST-PNEC | ||
| 005 | 20170116180743.0 | ||
| 008 | 150108b xxu||||| |||| 00| 0 eng d | ||
| 020 | _a969898500X | ||
| 040 | _cPNEC | ||
| 082 | _a020 SHE | ||
| 100 |
_91189 _aSheikh, Iqrar Hussain |
||
| 245 |
_aMalumaat-e-library sciences : library science quiz _cIqrar Hussain Sheikh |
||
| 260 |
_aLahore : _bThe books, _cc2006. |
||
| 300 |
_a312 p. : _c21 cm. |
||
| 650 | _xGeneral | ||
| 942 |
_2ddc _cBK |
||
| 999 |
_c62274 _d62274 |
||